000 00943nam a22002177a 4500
999 _c58824
_d58824
003 Ge_BSU
005 20221005150543.0
008 221005s1979 ge ||||| |||| 00| 0 geo d
041 _ageo
080 _a 801.6 ა-81
100 _aარისტოტელე
_911894
245 _aპოეტიკა /
_cწინასიტყვ. თარგმ. და კომენტარები ს. დანელიასი.
250 _aმე-2 გამოც.
264 _aთბ. :
_bგანათლება,
_c1979.
300 _a223 გვ. :
_bპორტრ. ;
_c20 სმ.
500 _aადგილებისა და საკუთარი სახელების ნუსხა: გვ. 213-217.
501 _a საგანთა საძიებელი: გვ. 218-222.
653 _aესთეტიკა.
653 _aპოეზია -- თეორია.
942 _2udc
_cBK